Рассказы; Первая любовь; Федосевна; Танька; Кастрюк; На хуторе; Вести с родины; На край света; Учитель; На даче; Велга; Без роду-племени; В деревне; Кукушка; Казацким ходом; Новая дорога; Туман; Тишина; В августе; Осенью; Новый год; Заря всю ночь; Далекое; С высоты; Белая лошадь; Маленький роман; Птицы небесные; Хорошая жизнь; Ермил; Князь во князьях; Последний день; Всходы новые; Пыль; Жертва; Клаша; Архивное дело; Отто Штейн; Последняя осень; Исход; Третий класс; Огонь пожирающий; Сосед; Русак; Дело корнета Елагина; Алексей Алексееич; Старый порт; Ландо; Первая любовь; Свидание; Ужас; Пожар; Капитал; Комета; стропила; Летний день; Постоялец; Первый класс; Маска; До победного конца; Письмо; Остров Сирен; Молодость и старость; Возвращаясь в Рим; Памятный бал; Ловчий; Алупка; Баллада; антигона; Смарагд; Волки; Визитные карточки; Зойка и Валерия; Таня; Галя Ганская; Речной трактир; Кума; Начало; Дубки; Мадрид; Второй кофейник; Ворон; Камарг; Сто рупий; Месть; Ночлег
| 1. autor: | |
|---|---|
| Streszczenie: | В сборник включены рассказы русского писателя Ивана Алексеевича Бунина (1870-1953), такие, как «Первая любовь», «Федосевна», «Танька», «На край света», «Дело корнета Елагина», и другие. |
| Język: | rosyjski |
| Wydane: |
Москва, Правда, 1983
|
| TOC: | Первая любовь; Федосевна; Танька; Кастрюк; На хуторе; Вести с родины; На край света; Учитель; На даче; Велга; Без роду-племени; В деревне; Кукушка; Казацким ходом; Новая дорога; Туман; Тишина; В августе; Осенью; Новый год; Заря всю ночь; Далекое; С высоты; Белая лошадь; Маленький роман; Птицы небесные; Хорошая жизнь; Ермил; Князь во князьях; Последний день; Всходы новые; Пыль; Жертва; Клаша; Архивное дело; Отто Штейн; Последняя осень; Исход; Третий класс; Огонь пожирающий; Сосед; Русак; Дело корнета Елагина; Алексей Алексееич; Старый порт; Ландо; Первая любовь; Свидание; Ужас; Пожар; Капитал; Комета; стропила; Летний день; Постоялец; Первый класс; Маска; До победного конца; Письмо; Остров Сирен; Молодость и старость; Возвращаясь в Рим; Памятный бал; Ловчий; Алупка; Баллада; антигона; Смарагд; Волки; Визитные карточки; Зойка и Валерия; Таня; Галя Ганская; Речной трактир; Кума; Начало; Дубки; Мадрид; Второй кофейник; Ворон; Камарг; Сто рупий; Месть; Ночлег; |
| Hasła przedmiotowe: | |
| Format: | Książka |
| KOHA link: | https://koha.lib.tpu.ru/cgi-bin/koha/opac-detail.pl?biblionumber=76518 |
MARC
| LEADER | 00000nam0a2200000 4500 | ||
|---|---|---|---|
| 001 | 76518 | ||
| 005 | 20231101212858.0 | ||
| 035 | |a (RuTPU)RU\TPU\book\82000 | ||
| 090 | |a 76518 | ||
| 100 | |a 20050425d1983 m y0rusy50 ca | ||
| 101 | 0 | |a rus | |
| 102 | |a RU | ||
| 105 | |a y z 000ay | ||
| 200 | 1 | |a Рассказы |f И. А. Бунин | |
| 210 | |a Москва |c Правда |d 1983 | ||
| 215 | |a 576 с. | ||
| 330 | |a В сборник включены рассказы русского писателя Ивана Алексеевича Бунина (1870-1953), такие, как «Первая любовь», «Федосевна», «Танька», «На край света», «Дело корнета Елагина», и другие. | ||
| 464 | |t Первая любовь; Федосевна; Танька; Кастрюк; На хуторе; Вести с родины; На край света; Учитель; На даче; Велга; Без роду-племени; В деревне; Кукушка; Казацким ходом; Новая дорога; Туман; Тишина; В августе; Осенью; Новый год; Заря всю ночь; Далекое; С высоты; Белая лошадь; Маленький роман; Птицы небесные; Хорошая жизнь; Ермил; Князь во князьях; Последний день; Всходы новые; Пыль; Жертва; Клаша; Архивное дело; Отто Штейн; Последняя осень; Исход; Третий класс; Огонь пожирающий; Сосед; Русак; Дело корнета Елагина; Алексей Алексееич; Старый порт; Ландо; Первая любовь; Свидание; Ужас; Пожар; Капитал; Комета; стропила; Летний день; Постоялец; Первый класс; Маска; До победного конца; Письмо; Остров Сирен; Молодость и старость; Возвращаясь в Рим; Памятный бал; Ловчий; Алупка |o рассказы | ||
| 464 | |t Баллада; антигона; Смарагд; Волки; Визитные карточки; Зойка и Валерия; Таня; Галя Ганская; Речной трактир; Кума; Начало; Дубки; Мадрид; Второй кофейник; Ворон; Камарг; Сто рупий; Месть; Ночлег |o из книги "Темные аллеи" | ||
| 610 | 1 | |a русская литература | |
| 610 | 1 | |a проза | |
| 610 | 1 | |a рассказы | |
| 675 | |a Р1 |v 3 | ||
| 700 | 1 | |a Бунин |b И. А. |c русский писатель |c нобелевский лауреат (1933) |f 1870-1953 |g Иван Алексеевич |2 stltpush |3 (RuTPU)RU\TPU\pers\99 |9 59 | |
| 801 | 1 | |a RU |b 63413507 |c 20050425 |g PSBO | |
| 801 | 2 | |a RU |b 63413507 |c 20161025 |g PSBO | |
| 942 | |c BK | ||